Kotch /

में बचाया:
ग्रंथसूची विवरण
मुख्य लेखक: Topkins, Katharine (लेखक)
अन्य लेखक: Bianciardi, Luciano
स्वरूप: पुस्तक
भाषा:इतालवी
प्रकाशित: Milano : Rizzoli, 1967
श्रृंखला:Narratori moderni
टैग: टैग जोड़ें
कोई टैग नहीं, इस रिकॉर्ड को टैग करने वाले पहले व्यक्ति बनें!

MARC

LEADER 00000nam a22000007i 4500
001 IT\ICCU\SBL\0369344
003 ItRI
005 20251111163906.0
008 910930s1967 it |||||| ||||| |||||c
015 |2 IT  |a 679685 
040 |b ita  |c Arcigay Viterbo 
041 7 |a ita  |2 ISO-639-2 
082 |a 823.91  |2 16 
100 1 |a Topkins, Katharine  |0 IT\ICCU\SBLV\188835  |4 aut 
240 1 0 |a Kotch  |9 Topkins, Katharine 
245 1 0 |a Kotch /  |c Katharine Topkins. 
260 |a Milano :  |b Rizzoli,  |c 1967 
300 |a 178 p. ;  |c 21 cm 
500 |a Trad. L. Bianciardi. 
700 1 |a Bianciardi, Luciano  |0 IT\ICCU\CFIV\053109 
830 0 |a Narratori moderni  |0 IT\ICCU\RAV\0076012 
942 |2 ddc  |c BK  |n 0 
952 |0 0  |1 0  |2 ddc  |4 0  |6 823_910000000000000_TOP_KOT  |7 0  |9 9877  |a VT  |b VT  |d 2025-11-11  |e Dono della Biblioteca Consorziale di Viterbo  |i B437  |l 0  |o 823.91 TOP KOT  |p B437  |r 2025-11-11 16:39:42  |w 2025-11-11  |y BK  |z Dono della Biblioteca Consorziale di Viterbo 
981 1 |6 z01  |a i   |b xxxe  
982 1 |6 z01  |a n 
999 |c 8239  |d 8239